Statistics for UK National Parks Map

Click here to take the quiz!

General Stats

  • This quiz has been taken 27 times
  • The average score is 11 of 15

Answer Stats

Answer % Correct
Lake District
93%
Peak District
87%
Broads
80%
Exmoor
80%
Snowdonia
80%
Brecon Beacons
73%
Dartmoor
73%
Cairngorms
67%
Loch Lomond & the Trossachs
67%
New Forest
67%
Northumberland
67%
South Downs
67%
Yorkshire Dales
60%
Pembrokeshire Coast
53%
North York Moors
47%

Score Distribution

Percentile by Number Answered

Percent of People with Each Score

Your Score History

You have not taken this quiz